[Event "XI GRAN TORNEO INTERNACIONAL AFICIONADOS"]
[Site "Benidorm (Alicante - SPAIN)"]
[Date "2012.12.07"]
[Round "9"]
[White "Zamora Soler, Raul"]
[Black "Portillo Castellon, Javier"]
[Result "1-0"]
[WhiteElo "1998"]
[BlackElo "1876"]
[PlyCount "71"]
[EventDate "2012.11.30"]
[EventRounds "10"]
[EventCountry "ESP"]

1. e4 c6 2. d4 d5 3. e5 c5 4. dxc5 Nc6 5. Bb5 e6 6. Bxc6+ bxc6 7. b4 a5 8. c3
axb4 9. cxb4 Qh4 10. g4 h5 11. Bf4 Nh6 12. Bg3 Qxg4 13. Qxg4 Nxg4 14. h3 Nh6
15. Ne2 h4 16. Bf4 Nf5 17. Nd2 f6 18. Bh2 Ra3 19. Nb3 Ba6 20. Ned4 Bc4 21. Nxf5
exf5 22. Nd4 Rxh3 23. exf6 Kf7 24. f3 Bxc5 25. bxc5 Rb8 26. fxg7 Rb2 27. g8=Q+
Kxg8 28. Rg1+ Kf7 29. Bf4 Kf6 30. Bg5+ Kf7 31. Nxc6 Re2+ 32. Kd1 Rxf3 33. Nd4
Rd3+ 34. Kxe2 Rxd4+ 35. Ke3 Rd3+ 36. Kf4 1-0

[Event "XI GRAN TORNEO INTERNACIONAL AFICIONADOS"]
[Site "Benidorm (Alicante - SPAIN)"]
[Date "2012.12.07"]
[Round "9"]
[White "Trabazos Gallego, Javier"]
[Black "Roca Cruz, Rafael"]
[Result "1-0"]
[WhiteElo "1909"]
[BlackElo "1992"]
[PlyCount "87"]
[EventDate "2012.11.30"]
[EventRounds "10"]
[EventCountry "ESP"]

1. e4 c6 2. d4 d5 3. Nc3 dxe4 4. Bc4 Bf5 5. f3 Nf6 6. Bg5 Nbd7 7. Qe2 Qa5 8.
Bd2 exf3 9. Nxf3 e6 10. d5 cxd5 11. Nxd5 Qd8 12. Nxf6+ gxf6 13. O-O-O Qb6 14.
Be3 Bc5 15. Bxc5 Qxc5 16. Nd4 Bg4 17. Nf3 O-O-O 18. Rd3 Kb8 19. Rb3 Nb6 20. Bd3
Rd7 21. h3 Bf5 22. Bxf5 Qxf5 23. Rf1 Rhd8 24. a3 Qf4+ 25. Kb1 Qc4 26. Qxc4 Rd1+
27. Rxd1 Rxd1+ 28. Ka2 Nxc4 29. Rb4 Ne3 30. Rh4 Nxg2 31. Rxh7 Rd7 32. h4 e5 33.
h5 e4 34. Ng1 Nh4 35. h6 Ng6 36. Rg7 Kc7 37. h7 Nh8 38. Kb3 Rd8 39. Ne2 Kd7 40.
Kc3 Ke7 41. Rg8 e3 42. Nd4 Rxd4 43. Kxd4 e2 44. Rg1 1-0

[Event "XI GRAN TORNEO INTERNACIONAL AFICIONADOS"]
[Site "Benidorm (Alicante - SPAIN)"]
[Date "2012.12.07"]
[Round "9"]
[White "Valarezzo Ricard, Pedro"]
[Black "Hernandez Delgado, Gabriel"]
[Result "1/2-1/2"]
[WhiteElo "1888"]
[BlackElo "1987"]
[PlyCount "86"]
[EventDate "2012.11.30"]
[EventRounds "10"]
[EventCountry "ESP"]

1. d4 Nf6 2. Nf3 d6 3. Bf4 c5 4. e3 Qb6 5. Nc3 Bd7 6. Rb1 h6 7. h3 g5 8. Bh2
Bf5 9. Bd3 Bxd3 10. Qxd3 Nc6 11. O-O Bg7 12. a3 cxd4 13. exd4 d5 14. Rfe1 O-O
15. Na4 Qd8 16. Ne5 Qe8 17. Nc3 Rc8 18. Re2 e6 19. f4 Nxe5 20. dxe5 Rxc3 21.
Qxc3 Ne4 22. Qb4 Qc6 23. fxg5 hxg5 24. Qd4 f5 25. exf6 Bxf6 26. Be5 Bd8 27. Qd3
Rf5 28. Bd4 Bc7 29. g4 Rf4 30. Rg2 e5 31. Be3 Rf3 32. Re1 d4 33. Qb3+ Kg7 34.
Rf1 Rxf1+ 35. Kxf1 dxe3 36. Qxe3 Bb6 37. Qd3 Qf6+ 38. Ke1 Bf2+ 39. Ke2 Qf4 40.
Qd7+ Kg8 41. Qe8+ Kg7 42. Qe7+ Kg8 43. Qe8+ Kg7 1/2-1/2

[Event "XI GRAN TORNEO INTERNACIONAL AFICIONADOS"]
[Site "Benidorm (Alicante - SPAIN)"]
[Date "2012.12.07"]
[Round "9"]
[White "Tirado Parra, Alberto"]
[Black "Diaz Begonte, Manuel"]
[Result "0-1"]
[WhiteElo "1940"]
[BlackElo "1787"]
[PlyCount "32"]
[EventDate "2012.11.30"]
[EventRounds "10"]
[EventCountry "ESP"]

1. Nf3 d5 2. b3 Nf6 3. c4 d4 4. Bb2 c5 5. e3 Nc6 6. exd4 cxd4 7. g3 e5 8. d3
Bb4+ 9. Nbd2 Bg4 10. Bg2 e4 11. dxe4 Nxe4 12. Bc1 Nc3 13. Qc2 d3 14. Qb2 Qe7+
15. Kf1 Qe2+ 16. Kg1 Nd1 0-1

[Event "XI GRAN TORNEO INTERNACIONAL AFICIONADOS"]
[Site "Benidorm (Alicante - SPAIN)"]
[Date "2012.12.08"]
[Round "10"]
[White "Iglesias Garcia, Jorge"]
[Black "Sumin, Vladyslav"]
[Result "0-1"]
[WhiteElo "1968"]
[BlackElo "1983"]
[PlyCount "116"]
[EventDate "2012.11.30"]
[EventRounds "10"]
[EventCountry "ESP"]

1. Nf3 Nf6 2. g3 c5 3. Bg2 Nc6 4. d3 g6 5. O-O Bg7 6. c4 O-O 7. Nc3 d5 8. cxd5
Nxd5 9. Bd2 h6 10. Nxd5 Qxd5 11. Bc3 Qd6 12. Bxg7 Kxg7 13. Rc1 Be6 14. a3 Rac8
15. Qd2 b6 16. Qc3+ Kh7 17. Nd2 Nd4 18. Rfe1 Bg4 19. Ne4 Qe6 20. f3 Bf5 21. Nf2
Qxe2 22. f4 Rfe8 23. Qc4 Be6 24. Bd5 Bxd5 25. Qxd5 Nf3+ 26. Kg2 Nxe1+ 27. Rxe1
Qxb2 28. Qxf7+ Qg7 29. Qe6 Qf6 30. Qd7 Qc6+ 31. Qxc6 Rxc6 32. Ng4 Kg7 33. Re4
Rd6 34. Ne5 b5 35. Kf2 h5 36. Ke3 Red8 37. Ke2 Rd4 38. Re3 R4d6 39. Nf3 Kf6 40.
Ng5 Rc6 41. Nh7+ Kf7 42. Ng5+ Ke8 43. Nf3 Rdd6 44. Ne5 Ra6 45. g4 hxg4 46. Rg3
Rxa3 47. Rxg4 Ra2+ 48. Ke3 Rxh2 49. f5 Rh3+ 50. Kd2 Kf8 51. Nxg6+ Kf7 52. Nf4
Rh2+ 53. Ke3 Kf6 54. Rg8 Kxf5 55. Rf8+ Kg5 56. Ke4 Rh4 57. Ke5 Rxf4 58. Rxf4
Re6+ 0-1

[Event "XI GRAN TORNEO INTERNACIONAL AFICIONADOS"]
[Site "Benidorm (Alicante - SPAIN)"]
[Date "2012.12.08"]
[Round "10"]
[White "Johnsen, Kjell Magne"]
[Black "Esquerdo Nogueroles, Gaspar"]
[Result "0-1"]
[WhiteElo "1989"]
[BlackElo "1927"]
[PlyCount "126"]
[EventDate "2012.11.30"]
[EventRounds "10"]
[EventCountry "ESP"]

1. d4 Nf6 2. c4 e6 3. Nc3 Bb4 4. Qc2 c5 5. dxc5 Nc6 6. Nf3 Bxc5 7. Bg5 O-O 8.
Rd1 h6 9. Bh4 Nb4 10. Qd2 a5 11. a3 Nc6 12. e3 Be7 13. Be2 b6 14. O-O g5 15.
Bg3 Bb7 16. Qc2 Rc8 17. Qb3 Bc5 18. Bd6 Bxd6 19. Rxd6 Ne8 20. Rd2 Rb8 21. Rfd1
Nf6 22. Qb5 Qc7 23. Qb3 Ne5 24. Nb5 Qc5 25. Nd6 Nxf3+ 26. Bxf3 Bxf3 27. gxf3
Qc6 28. e4 Nh5 29. Qb5 Nf4 30. Kh1 f5 31. Qxc6 dxc6 32. exf5 exf5 33. h4 Rf6
34. Re1 Rd8 35. Re8+ Rxe8 36. Nxe8 Re6 37. Nd6 Re5 38. hxg5 hxg5 39. Nc8 b5 40.
cxb5 cxb5 41. Nd6 Kg7 42. Nb7 b4 43. axb4 axb4 44. Nd6 Kf6 45. Nc4 Rc5 46. Ne3
Ke5 47. Rc2 Nd3 48. b3 Rxc2 49. Nxc2 Nxf2+ 50. Kg2 Nd3 51. Kg3 f4+ 52. Kg4 Kf6
53. Kh5 Ne5 54. Nd4 Nd7 55. Nc2 Kf5 56. Nxb4 Nc5 57. Na2 Nxb3 58. Nc3 Nd4 59.
Ne4 Nxf3 60. Nf2 Ne5 61. Nh3 g4 62. Nf2 g3 63. Nh3 Nf3 0-1

[Event "XI GRAN TORNEO INTERNACIONAL AFICIONADOS"]
[Site "Benidorm (Alicante - SPAIN)"]
[Date "2012.12.08"]
[Round "10"]
[White "Gonzalez Cuervo, Eloy"]
[Black "Botelho, Luis Miguel Rodrigue"]
[Result "1-0"]
[WhiteElo "1961"]
[BlackElo "1972"]
[PlyCount "121"]
[EventDate "2012.11.30"]
[EventRounds "10"]
[EventCountry "ESP"]

1. e4 c5 2. Nf3 g6 3. d4 cxd4 4. Nxd4 Nc6 5. Be3 Bg7 6. Nc3 Nf6 7. f3 O-O 8.
Qd2 d5 9. Nxc6 bxc6 10. O-O-O Qa5 11. Kb1 Rb8 12. b3 Ng4 13. Nxd5 Qxd2 14. Rxd2
cxd5 15. fxg4 dxe4 16. Bxa7 Ra8 17. Bd4 Bh6 18. Re2 Rd8 19. Rxe4 Bb7 20. Rxe7
Rxd4 21. Bc4 Bd5 22. Rd7 Rxc4 23. Rxd5 Rxg4 24. g3 Re4 25. Rhd1 Re2 26. a4 Rxh2
27. Rd8+ Rxd8 28. Rxd8+ Kg7 29. a5 Rh5 30. b4 Rb5 31. c3 Be3 32. Kc2 h5 33. Kd3
Bf2 34. Kc4 Rg5 35. b5 Rg4+ 36. Kb3 Rxg3 37. b6 Rg1 38. Rd2 Be3 39. Re2 Bc5 40.
Kc4 Bd6 41. a6 Rb1 42. a7 Ra1 43. Re8 h4 44. a8=Q Rxa8 45. Rxa8 h3 46. Ra1 g5
47. Kd5 Bb8 48. c4 g4 49. Ke4 Kg6 50. c5 f5+ 51. Kd3 g3 52. c6 Be5 53. Rb1 h2
54. c7 g2 55. c8=Q h1=Q 56. Qe8+ Kg5 57. Qg8+ Kf4 58. Rb4+ Kf3 59. Qd5+ Kf2 60.
Qc5+ Kg3 61. Qe3+ 1-0

[Event "XI GRAN TORNEO INTERNACIONAL AFICIONADOS"]
[Site "Benidorm (Alicante - SPAIN)"]
[Date "2012.12.08"]
[Round "10"]
[White "Arroyo Rodriguez, Jesus"]
[Black "Rodriguez Marcos, Jose R"]
[Result "1-0"]
[WhiteElo "1985"]
[BlackElo "1962"]
[PlyCount "119"]
[EventDate "2012.11.30"]
[EventRounds "10"]
[EventCountry "ESP"]

1. Nf3 Nf6 2. c4 c5 3. Nc3 g6 4. g3 b6 5. Bg2 Bb7 6. O-O Bg7 7. d4 cxd4 8. Nxd4
Bxg2 9. Kxg2 d6 10. b3 Nbd7 11. Bb2 Rc8 12. Rc1 a6 13. Qd2 O-O 14. f3 Rc5 15.
e4 Qc8 16. Nd5 Nxd5 17. exd5 Rc7 18. Rfe1 Nf6 19. a4 Re8 20. Re2 h5 21. Rce1
Kh7 22. f4 h4 23. Nf3 Qg4 24. Nxh4 Nh5 25. Bxg7 Kxg7 26. Qd4+ Kg8 27. Re3 g5
28. Nf3 Nxf4+ 29. Kh1 Nh3 30. Kg2 Nf4+ 31. Kh1 Nh3 32. Qxg4 Nf2+ 33. Kg2 Nxg4
34. Re4 Nf6 35. R4e3 g4 36. Nd4 Kg7 37. Nf5+ Kf8 38. Nd4 Kg7 39. Rf1 Rcc8 40.
h4 gxh3+ 41. Kxh3 Rh8+ 42. Kg2 Rh2+ 43. Kxh2 Ng4+ 44. Kg1 Nxe3 45. Re1 Ng4 46.
Rxe7 Ne5 47. Rb7 b5 48. axb5 axb5 49. Nf5+ Kf6 50. Nxd6 Rg8 51. Rxb5 Rxg3+ 52.
Kf1 Rf3+ 53. Ke2 Kg5 54. c5 Kf4 55. Rb4+ Kg3 56. Ne4+ Kg2 57. c6 f5 58. c7 fxe4
59. c8=Q Nd3 60. Rxe4 1-0

[Event "XI GRAN TORNEO INTERNACIONAL AFICIONADOS"]
[Site "Benidorm (Alicante - SPAIN)"]
[Date "2012.12.08"]
[Round "10"]
[White "Fernandez Gil, Ruben Carlos"]
[Black "Fernandez Aguilar, Francisco"]
[Result "1/2-1/2"]
[WhiteElo "1976"]
[BlackElo "1955"]
[PlyCount "82"]
[EventDate "2012.11.30"]
[EventRounds "10"]
[EventCountry "ESP"]

1. e4 c5 2. Nf3 d6 3. d4 cxd4 4. Nxd4 Nf6 5. Nc3 g6 6. Be3 Bg7 7. f3 Nc6 8. Qd2
O-O 9. Bc4 Bd7 10. O-O-O Qb8 11. h4 Rc8 12. Bb3 a5 13. a4 h5 14. Ndb5 Ne5 15.
Bg5 Bxb5 16. Nxb5 Nc4 17. Qd3 Ne5 18. Qe2 Rc5 19. g4 hxg4 20. f4 Nf3 21. f5
gxf5 22. exf5 Re5 23. Qc4 Qf8 24. Bxf6 exf6 25. Qxg4 Re3 26. Nxd6 Ne5 27. Qh5
Rd8 28. Nxb7 Rxd1+ 29. Rxd1 Rxb3 30. Rd8 Rxb7 31. Rxf8+ Bxf8 32. Qe2 Bh6+ 33.
Kb1 Rb4 34. b3 Kg7 35. Qa6 Bd2 36. Qe2 Bh6 37. Qa6 Kg8 38. Qe2 Kg7 39. Qa6 Bd2
40. Ka2 Rf4 41. Qc8 Nf3 1/2-1/2

[Event "XI GRAN TORNEO INTERNACIONAL AFICIONADOS"]
[Site "Benidorm (Alicante - SPAIN)"]
[Date "2012.12.08"]
[Round "10"]
[White "Busto Prendes, Abel"]
[Black "Castrillon Otero, Javier"]
[Result "0-1"]
[WhiteElo "1973"]
[BlackElo "1897"]
[PlyCount "88"]
[EventDate "2012.11.30"]
[EventRounds "10"]
[EventCountry "ESP"]

1. e4 e5 2. Nc3 Nf6 3. Bc4 Bc5 4. f4 d6 5. Nf3 Nc6 6. d3 a6 7. fxe5 dxe5 8. Bg5
h6 9. Bh4 Qd6 10. Bxf6 Qxf6 11. Rf1 O-O 12. Qd2 Qd6 13. O-O-O Na5 14. Bb3 Nxb3+
15. axb3 Be6 16. h3 f6 17. Nh4 b5 18. Nf5 Bxf5 19. Rxf5 Rfb8 20. Rdf1 a5 21.
Nd5 Rf8 22. R1f3 c6 23. Nxf6+ Rxf6 24. Rxf6 gxf6 25. Qxh6 Qf8 26. Rg3+ Kf7 27.
Qh7+ Ke6 28. Rg7 Be7 29. h4 a4 30. bxa4 bxa4 31. Kd1 Rb8 32. d4 exd4 33. Qf5+
Kd6 34. e5+ fxe5 35. Rg6+ Kd5 36. Qe6+ Kc5 37. Qxc6+ Kb4 38. Qa6 Bc5 39. c3+
Kb3 40. cxd4 Bxd4 41. Rg3+ Kxb2 42. Qe2+ Ka1 43. Qd3 Rb1+ 44. Kc2 Qf2+ 0-1

[Event "XI GRAN TORNEO INTERNACIONAL AFICIONADOS"]
[Site "Benidorm (Alicante - SPAIN)"]
[Date "2012.12.08"]
[Round "10"]
[White "Ribera Cebolla, Marc"]
[Black "Sanchez Sanchez, Alberto"]
[Result "0-1"]
[WhiteElo "1885"]
[BlackElo "1968"]
[PlyCount "72"]
[EventDate "2012.11.30"]
[EventRounds "10"]
[EventCountry "ESP"]

1. e4 e5 2. Nf3 Nc6 3. Bb5 a6 4. Ba4 Nf6 5. O-O b5 6. Bb3 Be7 7. Re1 d6 8. c3
O-O 9. h3 Nb8 10. d4 Nbd7 11. d5 Bb7 12. Bc2 c6 13. dxc6 Bxc6 14. Nbd2 Nc5 15.
b4 Ne6 16. Nb3 Rc8 17. Bd2 Qc7 18. Rc1 Nd7 19. Na5 Ba8 20. Bb3 Nf6 21. Bc2 Rfe8
22. c4 Nd4 23. Nxd4 exd4 24. Bd3 Qb6 25. e5 dxe5 26. Rxe5 Qb8 27. Re1 Bd6 28.
Rxe8+ Rxe8 29. cxb5 axb5 30. Qc2 Ne4 31. Re1 Rc8 32. Qd1 Bh2+ 33. Kf1 Nxf2 34.
Qb1 Bxg2+ 35. Kxg2 Qg3+ 36. Kf1 Nxd3 0-1

[Event "XI GRAN TORNEO INTERNACIONAL AFICIONADOS"]
[Site "Benidorm (Alicante - SPAIN)"]
[Date "2012.12.08"]
[Round "10"]
[White "Giner Mayor, Jose"]
[Black "Moya Mallafre, Erik"]
[Result "0-1"]
[WhiteElo "1900"]
[BlackElo "1995"]
[PlyCount "41"]
[EventDate "2012.11.30"]
[EventRounds "10"]
[EventCountry "ESP"]

1. e4 c5 2. Nf3 Nc6 3. Nc3 Nf6 4. Bc4 e6 5. O-O Nxe4 6. Nxe4 d5 7. Bb5 dxe4 8.
Ne5 Bd7 9. Nxd7 Qxd7 10. Qe2 a6 11. Bxc6 Qxc6 12. Re1 f5 13. d3 exd3 14. Qxd3
Be7 15. Qc4 Kf7 16. Re5 b5 17. Qb3 c4 18. Qe3 Rad8 19. Qe2 Bf6 20. Re3 Qd5 21.
Qe1 0-1

[Event "XI GRAN TORNEO INTERNACIONAL AFICIONADOS"]
[Site "Benidorm (Alicante - SPAIN)"]
[Date "2012.12.08"]
[Round "10"]
[White "Picazo Gonzalez, Alejandro"]
[Black "Aprea, Daniele"]
[Result "1-0"]
[WhiteElo "1991"]
[BlackElo "1946"]
[PlyCount "81"]
[EventDate "2012.11.30"]
[EventRounds "10"]
[EventCountry "ESP"]

1. e4 e6 2. d4 d5 3. exd5 exd5 4. c4 Nf6 5. Nc3 Bb4 6. Bd3 O-O 7. Nge2 c6 8.
O-O Be6 9. Nf4 Re8 10. Nxe6 Rxe6 11. Qb3 Qe7 12. Bg5 Bxc3 13. bxc3 h6 14. Bxf6
Rxf6 15. cxd5 cxd5 16. Qxd5 Nc6 17. Rfe1 Re6 18. Rxe6 Qxe6 19. Qxe6 fxe6 20.
Re1 Kf7 21. Bc4 Re8 22. d5 Nd8 23. dxe6+ Nxe6 24. Kf1 Kf6 25. Bxe6 Rxe6 26.
Rxe6+ Kxe6 27. Ke2 Kd5 28. Kd3 b5 29. f4 h5 30. g3 g6 31. h3 a5 32. g4 hxg4 33.
hxg4 b4 34. c4+ Kc5 35. f5 gxf5 36. gxf5 Kd6 37. Kd4 a4 38. c5+ Kc6 39. f6 b3
40. axb3 a3 41. Kc3 1-0

[Event "XI GRAN TORNEO INTERNACIONAL AFICIONADOS"]
[Site "Benidorm (Alicante - SPAIN)"]
[Date "2012.12.08"]
[Round "10"]
[White "Rucsandescu, Dan"]
[Black "Blanco, Juan"]
[Result "1/2-1/2"]
[WhiteElo "1939"]
[BlackElo "1963"]
[PlyCount "26"]
[EventDate "2012.11.30"]
[EventRounds "10"]
[EventCountry "ESP"]

1. d4 Nf6 2. Nf3 e6 3. c4 Bb4+ 4. Bd2 a5 5. g3 Qe7 6. Bg2 Bxd2+ 7. Nbxd2 d6 8.
h3 e5 9. e4 Nc6 10. dxe5 dxe5 11. O-O O-O 12. Qe2 h6 13. Nb1 Nb8 1/2-1/2

[Event "XI GRAN TORNEO INTERNACIONAL AFICIONADOS"]
[Site "Benidorm (Alicante - SPAIN)"]
[Date "2012.12.08"]
[Round "10"]
[White "Nieto Tornero, Jose"]
[Black "Nazarov, Alexander"]
[Result "1-0"]
[WhiteElo "1951"]
[BlackElo "1847"]
[PlyCount "83"]
[EventDate "2012.11.30"]
[EventRounds "10"]
[EventCountry "ESP"]

1. e4 c5 2. Nf3 Nc6 3. Nc3 g6 4. d4 cxd4 5. Nxd4 Bg7 6. Be3 d6 7. Be2 Bd7 8.
O-O Nf6 9. h3 Nxd4 10. Qxd4 O-O 11. Qd3 Bc6 12. f4 Nd7 13. Bf3 a6 14. Rad1 Qa5
15. e5 Nc5 16. Qd2 Bxf3 17. Rxf3 dxe5 18. Nd5 Qxd2 19. Nxe7+ Kh8 20. Rxd2 Ne4
21. Rd7 f5 22. Rxb7 exf4 23. Bxf4 Bd4+ 24. Kh2 g5 25. Be3 Be5+ 26. Kg1 f4 27.
Bf2 Rfe8 28. Rd3 Rad8 29. Bb6 Rxd3 30. cxd3 Ng3 31. Kf2 Bxb2 32. Bc5 Bf6 33.
Kf3 Rd8 34. Rb3 Kg7 35. Nc6 Re8 36. Rb7+ Kg6 37. Rb6 Re1 38. Bf2 Rf1 39. Ne5+
Kf5 40. Ng4 Bd4 41. Rd6 Bxf2 42. Rf6# 1-0

[Event "XI GRAN TORNEO INTERNACIONAL AFICIONADOS"]
[Site "Benidorm (Alicante - SPAIN)"]
[Date "2012.12.08"]
[Round "10"]
[White "Navarro Molina, Carmelo Jose"]
[Black "Zamora Soler, Raul"]
[Result "0-1"]
[WhiteElo "1919"]
[BlackElo "1998"]
[PlyCount "82"]
[EventDate "2012.11.30"]
[EventRounds "10"]
[EventCountry "ESP"]

1. e4 e6 2. b3 c5 3. Bb2 Nc6 4. Nc3 Nf6 5. Nf3 e5 6. Bc4 Be7 7. d3 d6 8. h3 O-O
9. O-O a6 10. a4 Na5 11. Nd5 Nxc4 12. Nxf6+ Bxf6 13. dxc4 Be6 14. Nh2 Bg5 15.
Bc1 Bxc1 16. Rxc1 f5 17. f3 Qe7 18. Qd2 Rad8 19. Rcd1 Qc7 20. exf5 Rxf5 21. Ng4
Rff8 22. Qe3 Bf5 23. Rd2 b5 24. axb5 axb5 25. cxb5 Bxg4 26. hxg4 c4 27. Rfd1
Kh8 28. Qc3 Qc5+ 29. Kh1 Rf6 30. Kh2 Rh6+ 31. Kg3 Qxb5 32. bxc4 Qe8 33. c5 Qe7
34. Kf2 Rh2 35. Rg1 d5 36. c6 d4 37. Qd3 Qc5 38. Qe4 Rh6 39. Re1 Re8 40. Qd3
Qxc6 41. Qxd4 exd4 0-1

[Event "XI GRAN TORNEO INTERNACIONAL AFICIONADOS"]
[Site "Benidorm (Alicante - SPAIN)"]
[Date "2012.12.08"]
[Round "10"]
[White "Stamenov, Valeriy"]
[Black "Ingunza Lopez, Txema"]
[Result "1/2-1/2"]
[WhiteElo "1915"]
[BlackElo "1992"]
[PlyCount "45"]
[EventDate "2012.11.30"]
[EventRounds "10"]
[EventCountry "ESP"]

1. e4 c5 2. c3 Nf6 3. e5 Nd5 4. d4 cxd4 5. Nf3 e6 6. cxd4 b6 7. Bc4 Bb7 8. O-O
Be7 9. Bd2 O-O 10. Nc3 Nxc3 11. bxc3 d6 12. Qe2 Nd7 13. Bd3 dxe5 14. Nxe5 Nxe5
15. Qxe5 Bf6 16. Qe2 Qd5 17. f3 Rfd8 18. Qe4 g6 19. Qxd5 Bxd5 20. f4 Rac8 21.
Rfb1 Bc4 22. Bxc4 Rxc4 23. Kf1 1/2-1/2

[Event "XI GRAN TORNEO INTERNACIONAL AFICIONADOS"]
[Site "Benidorm (Alicante - SPAIN)"]
[Date "2012.12.08"]
[Round "10"]
[White "Jimenez Chacon, Francisco"]
[Black "Perez Ruiz, Santiago"]
[Result "0-1"]
[WhiteElo "1966"]
[BlackElo "1804"]
[PlyCount "86"]
[EventDate "2012.11.30"]
[EventRounds "10"]
[EventCountry "ESP"]

1. e4 c5 2. Nf3 e6 3. d4 cxd4 4. Nxd4 Nf6 5. Bd3 Nc6 6. Be3 d5 7. Nxc6 bxc6 8.
e5 Nd7 9. f4 Bc5 10. Bxc5 Nxc5 11. Nc3 O-O 12. Qf3 Qb6 13. Rb1 Rb8 14. b4 Nd7
15. Na4 Qc7 16. O-O a5 17. bxa5 Rxb1 18. Rxb1 Qxa5 19. Nc3 Ba6 20. Bxa6 Qxa6
21. a4 Ra8 22. Qd3 g6 23. Qxa6 Rxa6 24. Rb7 Nc5 25. Rb4 Kg7 26. Kf2 g5 27. Kf3
gxf4 28. Kxf4 Kg6 29. g4 f6 30. h4 h6 31. exf6 Kxf6 32. g5+ hxg5+ 33. hxg5+ Kg7
34. Kg4 Kf7 35. Rf4+ Kg7 36. Kh5 e5 37. Rf6 Ne4 38. Nxe4 dxe4 39. a5 e3 40. Re6
Rxa5 41. Rxc6 e2 42. Rc7+ Kf8 43. Rc8+ Ke7 0-1

[Event "XI GRAN TORNEO INTERNACIONAL AFICIONADOS"]
[Site "Benidorm (Alicante - SPAIN)"]
[Date "2012.12.08"]
[Round "10"]
[White "Young, Mel J"]
[Black "Stefanov, Evtim"]
[Result "1/2-1/2"]
[WhiteElo "1863"]
[BlackElo "1963"]
[PlyCount "48"]
[EventDate "2012.11.30"]
[EventRounds "10"]
[EventCountry "ESP"]

1. e4 c5 2. d4 cxd4 3. c3 dxc3 4. Nxc3 e6 5. Nf3 Bc5 6. Bc4 a6 7. O-O Ne7 8.
Bf4 b5 9. Bb3 O-O 10. Rc1 Ng6 11. Bg3 Be7 12. Qe2 Nc6 13. Rfd1 Qb6 14. h4 f6
15. Nd5 exd5 16. exd5 Nd8 17. d6+ Ne6 18. dxe7 Nxe7 19. Bc7 Qa7 20. Nd4 Kh8 21.
Nxe6 dxe6 22. Bxe6 Ng6 23. Bxc8 Raxc8 24. Bd6 Rfe8 1/2-1/2

[Event "XI GRAN TORNEO INTERNACIONAL AFICIONADOS"]
[Site "Benidorm (Alicante - SPAIN)"]
[Date "2012.12.08"]
[Round "10"]
[White "Baeza Garcia, Agustin"]
[Black "Borja Rosagro, Jaime"]
[Result "0-1"]
[WhiteElo "1958"]
[BlackElo "1764"]
[PlyCount "60"]
[EventDate "2012.11.30"]
[EventRounds "10"]
[EventCountry "ESP"]

1. d4 Nf6 2. c4 d6 3. Nf3 Nbd7 4. Nc3 e5 5. e4 Be7 6. Be2 O-O 7. O-O c6 8. d5
Nc5 9. Qc2 cxd5 10. cxd5 a5 11. Ne1 Ne8 12. Be3 b6 13. f3 f5 14. Nd3 Bg5 15.
Bf2 fxe4 16. fxe4 Nf6 17. Nxc5 bxc5 18. a3 Ng4 19. Bxg4 Bxg4 20. Rab1 Qd7 21.
b4 axb4 22. axb4 cxb4 23. Rxb4 Rf7 24. Qd3 Raf8 25. Rbb1 Rxf2 26. Rxf2 Qa7 27.
Rbb2 Be3 28. Qf1 Rxf2 29. Rxf2 Bxf2+ 30. Qxf2 Qa1+ 0-1

[Event "XI GRAN TORNEO INTERNACIONAL AFICIONADOS"]
[Site "Benidorm (Alicante - SPAIN)"]
[Date "2012.12.08"]
[Round "10"]
[White "Martin-Consuegra Barrilero, Ja"]
[Black "Cebada Benitez, Fernando"]
[Result "1/2-1/2"]
[WhiteElo "1855"]
[BlackElo "1953"]
[PlyCount "38"]
[EventDate "2012.11.30"]
[EventRounds "10"]
[EventCountry "ESP"]

1. d4 Nf6 2. Bf4 d6 3. e3 g6 4. h3 Bg7 5. Nf3 c5 6. c3 O-O 7. Be2 Bd7 8. O-O
cxd4 9. exd4 Bc6 10. Nbd2 Nbd7 11. Re1 b5 12. a3 Nb6 13. Bd3 Qd7 14. Qe2 Rfd8
15. Rad1 a6 16. Ne4 Qb7 17. Qc2 Rac8 18. Qb1 Nc4 19. Bc1 Nd7 1/2-1/2

[Event "XI GRAN TORNEO INTERNACIONAL AFICIONADOS"]
[Site "Benidorm (Alicante - SPAIN)"]
[Date "2012.12.08"]
[Round "10"]
[White "Miquel Juan, Marcelo"]
[Black "Turcheniak, Yury"]
[Result "0-1"]
[WhiteElo "1536"]
[BlackElo "1942"]
[PlyCount "69"]
[EventDate "2012.11.30"]
[EventRounds "10"]
[EventCountry "ESP"]

1. e4 g6 2. Nf3 d6 3. c3 Bg7 4. d4 Nd7 5. Be2 c6 6. O-O Ngf6 7. Nbd2 O-O 8. Re1
a5 9. b3 Ne8 10. Bb2 Nc7 11. Qc2 Re8 12. c4 e5 13. d5 c5 14. Nb1 Nb6 15. Nfd2
f5 16. f3 f4 17. Nc3 Nd7 18. Ndb1 Nf6 19. Na3 g5 20. Qd1 h5 21. Na4 Na6 22. Nb5
Bf8 23. Bc3 b6 24. a3 Rb8 25. Rb1 Rb7 26. b4 Rf7 27. bxa5 bxa5 28. Qd2 g4 29.
Bxa5 Qe7 30. Nb6 gxf3 31. Bxf3 Bg4 32. Rf1 Bxf3 33. Rxf3 Nxe4 34. Qe2 Ng5 35.
Rfb3 {IRREPRODUCIBLE} 0-1

[Event "XI GRAN TORNEO INTERNACIONAL AFICIONADOS"]
[Site "Benidorm (Alicante - SPAIN)"]
[Date "2012.12.08"]
[Round "10"]
[White "Diaz Begonte, Manuel"]
[Black "Larranaga Aldalur, Jose Joaqui"]
[Result "1/2-1/2"]
[WhiteElo "1787"]
[BlackElo "1926"]
[PlyCount "51"]
[EventDate "2012.11.30"]
[EventRounds "10"]
[EventCountry "ESP"]

1. d4 Nf6 2. Bf4 c5 3. e3 e6 4. Nf3 d5 5. Be2 Be7 6. O-O O-O 7. Nbd2 Nc6 8. h3
b6 9. c3 Bb7 10. a4 Nd7 11. Bd3 Bf6 12. Qc2 h6 13. Rfe1 Rc8 14. Qd1 e5 15. dxe5
Ncxe5 16. Bf5 Re8 17. Nxe5 Bxe5 18. Qg4 Nf6 19. Qf3 Rc7 20. Bxe5 Rxe5 21. Qf4
Re8 22. Red1 Qe7 23. Bc2 Qe5 24. Qxe5 Rxe5 25. Nf3 Re8 26. Rd2 1/2-1/2

[Event "XI GRAN TORNEO INTERNACIONAL AFICIONADOS"]
[Site "Benidorm (Alicante - SPAIN)"]
[Date "2012.12.08"]
[Round "10"]
[White "Vicente Montes, Luis Miguel"]
[Black "Marquez Bernal, Florencio"]
[Result "1/2-1/2"]
[WhiteElo "1882"]
[BlackElo "1922"]
[PlyCount "93"]
[EventDate "2012.11.30"]
[EventRounds "10"]
[EventCountry "ESP"]

1. Nc3 c5 2. f4 g6 3. Nf3 Bg7 4. e3 Nc6 5. b3 e6 6. Bb2 Nge7 7. Na4 Bxb2 8.
Nxb2 d6 9. Be2 Bd7 10. d4 Qa5+ 11. Qd2 Qxd2+ 12. Kxd2 Nf5 13. g4 Ng7 14. Bb5 a6
15. Bxc6 Bxc6 16. Rhf1 h5 17. g5 Rd8 18. Nh4 Be4 19. Nd3 O-O 20. Nf2 Bc6 21. c3
Kh7 22. a3 e5 23. Nd3 cxd4 24. exd4 exd4 25. c4 Ne6 26. b4 a5 27. b5 Be4 28.
Nf2 Nc5 29. Nxe4 Nxe4+ 30. Kd3 Nc5+ 31. Kc2 Rde8 32. Rae1 Re3 33. Rxe3 dxe3 34.
f5 gxf5 35. Nxf5 Ne4 36. Nxe3 Nxg5 37. Nd5 f5 38. h4 Ne4 39. Nf4 Kh6 40. Rg1
Rf6 41. Rg8 Kh7 42. Re8 Rf7 43. Nxh5 Kg6 44. Nf4+ Kf6 45. Nh5+ Kg6 46. Nf4+ Kf6
47. Nh5+ 1/2-1/2

[Event "XI GRAN TORNEO INTERNACIONAL AFICIONADOS"]
[Site "Benidorm (Alicante - SPAIN)"]
[Date "2012.12.08"]
[Round "10"]
[White "Tonus, Alex"]
[Black "Moore, Robin"]
[Result "1-0"]
[WhiteElo "1980"]
[BlackElo "1846"]
[PlyCount "43"]
[EventDate "2012.11.30"]
[EventRounds "10"]
[EventCountry "ESP"]

1. e4 c5 2. Nf3 d6 3. d4 cxd4 4. Nxd4 Nf6 5. Nc3 g6 6. Be3 Bg7 7. f3 Nc6 8. Bc4
Bd7 9. Qd2 O-O 10. h4 Ne5 11. Bb3 Qa5 12. O-O-O Rfc8 13. h5 Nxh5 14. Bh6 Nc4
15. Bxc4 Rxc4 16. Bxg7 Kxg7 17. g4 Nf6 18. Qh6+ Kg8 19. Nd5 Qd8 20. Nf5 Bxf5
21. gxf5 e6 22. fxe6 1-0